Preradenie zamestnanca na inú prácu

Pracovnoprávne aspekty preradenia zamestnanca v taxatívne uvedených prípadoch - § 55 Zákonníka práce (povinnosti zamestnávateľa, inej vhodnej práce, posudzovania spôsobilosti na prácu), ako aj na niektoré ďalšie situácie preradenia zamestnanca.

Salvato in:
Dettagli Bibliografici
Autore principale: Toman, Jozef
Natura: Capitolo di libro
Lingua:slovacco
Soggetti:
Tags: Aggiungi Tag
Nessun Tag, puoi essere il primo ad aggiungerne!!

MARC

LEADER 00000naa a2200000 4500
001 0283106
005 20240417075201.9
041 0 |a slo 
044 |a SK 
245 1 0 |a Preradenie zamestnanca na inú prácu  |c Jozef Toman 
520 |a Pracovnoprávne aspekty preradenia zamestnanca v taxatívne uvedených prípadoch - § 55 Zákonníka práce (povinnosti zamestnávateľa, inej vhodnej práce, posudzovania spôsobilosti na prácu), ako aj na niektoré ďalšie situácie preradenia zamestnanca. 
610 2 0 |a preradenie pracovníkov 
610 2 0 |a zamestnanci 
610 2 0 |a zamestnávatelia 
610 2 0 |a zákonník práce 
610 2 0 |a zákony 
610 2 0 |a právo 
610 2 0 |a legislatíva 
100 1 |a Toman, Jozef